Online Catalogue and eLibrary

Karolinage dinapotha andakaraye daruwa (Record no. 5367)

MARC details
000 -LEADER
fixed length control field 00424nam a2200157Ia 4500
005 - DATE AND TIME OF LATEST TRANSACTION
control field 20250703154111.0
008 - FIXED-LENGTH DATA ELEMENTS--GENERAL INFORMATION
fixed length control field 240331s9999 xx 000 0 und d
020 ## - INTERNATIONAL STANDARD BOOK NUMBER
ISBN 9559585118
082 ## - DDC Classification
Item Number - Author Mark PRE
Class No. 891
100 ## - MAIN ENTRY--PERSONAL NAME
Personal name Premathilake,S.M
245 #0 - TITLE STATEMENT
Title Karolinage dinapotha andakaraye daruwa
260 ## - PUBLICATION, DISTRIBUTION, ETC.
Name of publisher, distributor, etc. Author's Statement
Date of publication, distribution, etc. 2000
300 ## - PHYSICAL DESCRIPTION
Extent (e.g. Volumes, Pages etc.) 208 p .,
500 ## - GENERAL NOTE
General note Translation of Carolina's Diary - Child Darkness
942 ## - Koha item type (Biblio)
Koha item type Books in Stacks (Lending)
Holdings
Lost status Damaged status Collection code Home library Current library Shelving location Date acquired Full call number Accession Number Item type
    Lending WERC Library WERC Library Social Science Cupboard 03/31/2024 891.48 PRE 4346 Books in Stacks (Lending)

© WERC Library